LEADER 01433nam a2200325 u 4500 001 000000011354 003 CaOOAMICUS 005 20070226105422.0 008 940620s1955 gw u000 u ger u 035 $a10279031 040 $aPUL(R)$bita 100 1 $aAndresen, Carl,$d1904-$0(OLS)http://pul/name/10891 245 10$aLogos und Nomos :$bdie Polemik des Kelsos wider das Christentum /$cvon Carl Andresen. 260 $aBerlin :$bWalter de Gruyter,$c1955. 300 $av, 415 p. ;$c23 cm 490 1 $aArbeiten zur Kirchengeschichte ;$v30 500 $aComprende indici. 502 $aDiss. -- Christian-Albrechts-Universität Kiel. 504 $aBibliografia: p. 401-410. 600 04$aCelsus,$df. 178.$0(OLS)http://pul/subject/6457 600 04$aOrigenes,$d184-253.$0(OLS)http://pul/subject/2177 650 4$aCristianesimo e filosofia antica.$0(OLS)http://pul/subject/2919 710 2 $aUniversität Kiel.$0(OLS)http://pul/name/9144 830 0$aArbeiten zur Kirchengeschichte ;$v30.$0(OLS)http://pul/title/4204 850 $aPUL 852 $aPUL$W1$xSL Religione 1$y3$m25 D 38$j16074$nBK-PRI$b $qStampati$B16074$CPULBib$Z2$F16074 $H $81 941 1 $a8 960 $aOrigene,$d184-253$92177 996 $6245$aLogos und Nomos :$bdie Polemik des Kelsos wider das Christentum$9(OLS)http://pul/title/16461 996 $6260$aBerlin :$bWalter de Gruyter$9(OLS)http://pul/publisher/48231 LEADER 01052nam a2200277 u 4500 001 000000125891 003 CaOOAMICUS 005 20110706142209.0 008 110706s2004 nju u000 u eng r 020 $z0691091641* 040 $aPUL$bita 082 04$a177.7 100 1 $aFrankfurt, Harry G.$0(OLS)http://pul/name/49405 245 14$aThe reasons of love /$cHarry G. Frankfurt. 260 $aPrinceton :$bPrinceton University Press,$c©2004. 300 $a100 p. ;$c22 cm 504 $aBibliografia in nota. 650 4$aAmore (filosofia).$0(OLS)http://pul/subject/15745 850 $aPUL 852 $aPUL$W1$xSL Filosofia 3$y81$m177. 7 FRAHA 1$j145039$qDDC 21$B144040$CPULBib$Z2$F144040 $H117164 $82 941 1 $a9 996 $6020$z0691091641*$9(OLS)http://pul/number/147645 996 $6082$a177.7$9(OLS)http://pul/classification/2084 996 $6245$aThe reasons of love$9(OLS)http://pul/title/158899 996 $6260$aPrinceton :$bPrinceton University Press$9(OLS)http://pul/publisher/55740